Programming Parallel Processors /

Guardado en:
Detalles Bibliográficos
Autor principal: Babb, Robert G.,II (Autor)
Formato: Libro
Lenguaje:inglés
Publicado: Reading : Addison-Wesley, 1988
Etiquetas: Agregar Etiqueta
Sin Etiquetas, Sea el primero en etiquetar este registro!

MARC

LEADER 00000nam a22000003a 4500
001 stu31497
005 20150617225734.5
008 931210s1988----xxu-----------------eng-d
020 |a 0-201-11721-5 
040 |a STU  |b slo 
041 0 |a eng 
044 |a xxu 
080 |a 621.3.06  |7 stu_us_auth*stu7133 
100 1 |a Babb, Robert G.,II  |4 aut 
245 1 |a Programming Parallel Processors /  |c [aut.] Babb,Robert G.,Editor 
260 |a Reading :  |b Addison-Wesley,  |c 1988 
300 |a 380 s 
996 |b J90062  |c J*90062  |l JJSK  |s A  |a 24  |w stu31497_0001